000 00650nam a2200229Ia 4500
003 OSt
005 20220928120902.0
006 a|||||r|||| 00| 0
007 ta
008 220927b |||||||| |||| 00| 0 eng d
024 _a31920
037 _cReference Collections
040 _aSDCL
_cSDCL
_beng
041 _2eng
_aeng
082 _aR65,0k, M5 RR
100 _aSubrahmanian N S
_9451334
245 0 _aEncyclopaedia of the Upanisads.
260 _aNew Delhi
_bSterling Publishers
_c1985
300 _axii,564p
_ccm.
942 _hR65,0k, M5 RR
_cREF
_2CC
999 _c765406
_d765406